Optimalizované metódy odhadu parametrov

Prezentácia a štatistické vlastnosti estimátorov . Estimátor metódy najmenších štvorcov, estimátor metódy maximálnej vierohodnosti a estimátor metódy momentov.

Guardado en:
Detalles Bibliográficos
Autor principal: Lukáčik, Martin, 1974-
Otros Autores: Lukáčiková, Adriana, 1971-, Szomolányi, Karol, 1976-
Formato: Capítulo de libro
Lenguaje:eslovaco
Materias:
Etiquetas: Agregar Etiqueta
Sin Etiquetas, Sea el primero en etiquetar este registro!

MARC

LEADER 00000naa$a2200000$$$4500
001 0051415
005 20240502071612.1
041 0 |a slo 
044 |a SK 
245 1 0 |a Optimalizované metódy odhadu parametrov  |c Martin Lukáčik, Adriana Lukáčiková, Karol Szomolányi 
520 |a Prezentácia a štatistické vlastnosti estimátorov . Estimátor metódy najmenších štvorcov, estimátor metódy maximálnej vierohodnosti a estimátor metódy momentov. 
610 2 0 |a metóda štvorcov najmenších 
610 2 0 |a metóda simplexová 
610 2 0 |a efektívnosť 
610 2 0 |a metódy optimalizačné 
610 2 0 |a metódy ekonometrické 
100 1 |a Lukáčik, Martin, 1974- 
700 1 |a Lukáčiková, Adriana, 1971- 
700 1 |a Szomolányi, Karol, 1976-